Marvel: Avengers - Statystyki

Ogólne statystyki
  • Ten quiz został rozwiązany 263 razy
  • Średni wynik to 11 z 23
Statystyki odpowiedzi
Pytania Odpowiedź % Poprawnych
Kto złapał Tony'ego Starka, gdy ten zaczął spadać przez portal na Ziemię? Hulk
94%
Kto był pierwszą osobą, nad którą po przybyciu na Ziemię Loki przejął kontrolę za pomocą Kamienia Umysłu? Hawkeye / Clint Barton
87%
Kto z grona Avengersów był uznawany za najlepszego strzelca wyborowego na świecie? Hawkeye / Clint Barton
87%
Kto uratował Czarną Wdowę przed Hulkiem na pokładzie Helicarriera? Thor
81%
Kto starał się przekonać Lokiego do porzucenia dotychczasowego planu i powrotudo Asgardu? Thor
81%
Kto walczył z Lokim na platformie na niemal samym szczycie Stark Tower? Thor
81%
Kto pomógł Czarnej Wdowie i Kapitanowi Ameryce pojmać w Niemczech Lokiego? Tony Stark / Ironman
76%
Kto zbierał karty kolekcjonerskie z Kapitanem Ameryką? Agent Coulson
52%
O jaką osobę chodziło Coulsonowi, gdy wspomniał "Potwora" podczas rozmowy z Czarną Wdową? O Hulka
51%
Którego z Avengersów Loki chciał wykorzystać, aby uciec z Helicarriera? Hulka
49%
Jaki przedmiot chciał wykraść z Ziemii Loki? Tesserakt / Kamień Przestrzeni
45%
Jakiej narodowości była Czarna Wdowa? Rosyjskiej
44%
Kogo, używając iluzji, Loki uwięził w szklanej celi na Helicarrierze? Thora
44%
Skąd pochodzili Loki i Thor? Z Asgardu
44%
Jak miał na imię Agent Coulson? Phil
34%
O kim mówił Bruce Banner, kiedy wspomniał "tego drugiego"? O Hulku
30%
Armią jakich istot dowodził Loki? Chitauri
27%
Jaki przedmiot, według doktora Selviga był w stanie zamknąć portal nad Stark Tower? Berło Lokiego
20%
W jakim kraju Kapitan Ameryka po raz pierwszy zmierzył się z Lokim? W Niemczech
20%
Kogo Hawkeye zaatakował jako pierwszego po tym, jak Loki trafił przez portal na Ziemię i przejął kontrolę nad jego umysłem? Nicka Fury'ego
13%
W jakim kraju Czarna Wdowa odnalazła Bruce'a Bannera? W Indiach
8%
Gdzie, według własnych słów, Nick Fury znalazł karty kolekcjonerskie Agenta Coulsona? W jego kieszeni
8%
W jaki sposób Tony Stark zapobiegł zniszczeniu Manhattanu przez głowicę atomową? Pokierował ją do portalu
1%
Nie znaleziono quizów pasujących do podanych kryteriów
Rozkład punktacji
Procent ludzi z każdym wynikiem
Percentyl według liczby udzielonych odpowiedzi
Twoja historia wyników
Nie rozwiązałeś tego quizu